000 00298nam a22001337a 4500
008 181204b xxu||||| |||| 00| 0 eng d
020 _a0442291809
041 _aeng
080 _a701
100 _a44
101 _aART
245 _aPrinciples of Two-Dimensional Form
_cWong,W
942 _2udc
_cBK
999 _c52765
_d52765